Strategic Human Resource Management and Employment Relations: An International Perspective (Record no. 43397)
[ view plain ]
| 000 -LEADER | |
|---|---|
| fixed length control field | 00553nam a22001817a 4500 |
| 005 - DATE AND TIME OF LATEST TRANSACTION | |
| control field | 20250325172123.0 |
| 008 - FIXED-LENGTH DATA ELEMENTS--GENERAL INFORMATION | |
| fixed length control field | 250325b |||||||| |||| 00| 0 eng d |
| 020 ## - INTERNATIONAL STANDARD BOOK NUMBER | |
| International Standard Book Number | 9783030909574 |
| 041 ## - LANGUAGE CODE | |
| Language code of text/sound track or separate title | Eng. |
| 082 ## - DEWEY DECIMAL CLASSIFICATION NUMBER | |
| Classification number | 658.3 MAL |
| 100 ## - MAIN ENTRY--PERSONAL NAME | |
| Author | Malik, Ashish |
| 245 ## - TITLE STATEMENT | |
| Title | Strategic Human Resource Management and Employment Relations: An International Perspective |
| 250 ## - EDITION STATEMENT | |
| Edition statement | 2nd |
| 260 ## - PUBLICATION, DISTRIBUTION, ETC. | |
| Place | Switzerland |
| Publisher | Springer |
| Publication Year | 2022 |
| 300 ## - PHYSICAL DESCRIPTION | |
| Extent | 376;. P 23 cm |
| 650 ## - SUBJECT ADDED ENTRY--TOPICAL TERM | |
| Subject | Human Resource Management; Business Strategy; Leadership; Organization. |
| 942 ## - ADDED ENTRY ELEMENTS (KOHA) | |
| Koha item type | Books |
| Withdrawn status | Lost status | Source of classification or shelving scheme | Damaged status | Not for loan | Home library | Current library | Shelving location | Accession Date | Vendor | Price | Bill number | Total Checkouts | Full call number | Barcode No | Date due | Date last seen | Date last checked out | Discount | Bill Date | Koha item type | Suggested By |
|---|---|---|---|---|---|---|---|---|---|---|---|---|---|---|---|---|---|---|---|---|---|
| Dewey Decimal Classification | IMTN | IMTN | Rack 23-B | 03/18/2025 | Raghav Books Private Limited | 6523.07 | 2374 | 2 | 658.3 MAL | 33688 | 04/07/2026 | 12/08/2025 | 12/08/2025 | 33 | 02/14/2025 | Books | Dr. Senthil Kumar |